Estadísticas para Números Aleatorios en Idiomas Europeos

Haz click aquí para intentar la prueba.

Estadísticas generales

  • Esta prueba ha sido intentada 366 veces
  • La puntuación promedio es 8 de 20

Estadísticas de respuestas

IdiomaNúmeroPalabra% Correcto
Inglés8eight
100%
Inglés40forty
100%
Inglés46forty six
100%
Inglés19nineteen
100%
Inglés90ninety
100%
Inglés1one
100%
Inglés60sixty
100%
Inglés10,000ten thousand
100%
Inglés13thirteen
100%
Inglés38thirty eight
100%
Inglés35thirty five
100%
Italiano3tre
100%
Inglés12twelve
100%
Inglés20twenty
100%
Inglés28twenty eight
100%
Inglés27twenty seven
100%
Inglés44forty four
93%
Inglés42forty two
92%
Inglés30thirty
90%
Inglés0zero
90%
Inglés25twenty five
89%
Inglés5five
88%
Inglés33thirty three
88%
Inglés21twenty one
88%
Inglés47forty seven
86%
Inglés6six
86%
Inglés2two
86%
Inglés15fifteen
83%
Francés11onze
83%
Inglés1,000thousand
83%
Inglés10ten
82%
Inglés45forty five
80%
Inglés100hundred
80%
Inglés1,000,000million
80%
Inglés9nine
80%
Francés7sept
80%
Inglés3three
80%
Inglés23twenty three
80%
Francés1un
80%
Francés24vingt-quatre
80%
Portugués0zero
80%
Inglés50fifty
79%
Francés2deux
78%
Inglés41forty one
78%
Inglés29twenty nine
78%
Francés0zéro
78%
Italiano10dieci
75%
Francés18dix-huit
75%
Inglés48forty eight
75%
Inglés43forty three
75%
Inglés4four
75%
Inglés14fourteen
75%
Italiano7sette
75%
Inglés7seven
75%
Inglés17seventeen
75%
Inglés34thirty four
75%
Inglés37thirty seven
75%
Inglés36thirty six
75%
Inglés24twenty four
75%
Italiano1uno
75%
Italiano29ventinove
75%
Francés40quarante
73%
Italiano2due
71%
Inglés11eleven
71%
Portugués9nove
71%
Francés4quatre
71%
Inglés16sixteen
71%
Inglés32thirty two
71%
Inglés22twenty two
70%
Portugués3três
69%
Inglés49forty nine
67%
Alemán100hundert
67%
Italiano1,000mille
67%
Italiano40quaranta
67%
Francés42quarante-deux
67%
Francés48quarante-huit
67%
Italiano6sei
67%
Inglés39thirty nine
67%
Francés36trente-six
67%
Italiano25venticinque
67%
Francés29vingt-neuf
67%
Italiano0zero
67%
Francés5cinq
64%
Inglés18eighteen
63%
Francés8huit
63%
Francés9neuf
63%
Francés23vingt-trois
63%
Portugués10dez
60%
Inglés26twenty six
60%
Alemán2zwei
60%
Inglés80eighty
57%
Francés41quarante et un
57%
Inglés70seventy
57%
Francés10,000dix-mille
56%
Inglés100,000hundred thousand
56%
Italiano90novanta
56%
Francés28vingt-huit
56%
Italiano9nove
55%
Francés100cent
50%
Portugués5cinco
50%
Francés19dix-neuf
50%
Francés17dix-sept
50%
Alemán50fünfzig
50%
Portugués1,000mil
50%
Portugués11onze
50%
Francés44quarante-quatre
50%
Francés47quarante-sept
50%
Portugués42quarenta e dois
50%
Francés90quatre-vingt dix
50%
Francés16seize
50%
Francés6six
50%
Francés30trente
50%
Portugués13treze
50%
Francés20vingt
50%
Francés25vingt-cinq
50%
Italiano5cinque
44%
Francés10dix
44%
Alemán5fünf
44%
Italiano32trentadue
44%
Francés26vingt-six
44%
Italiano100cento
43%
Francés12douze
43%
Francés1,000mille
43%
Italiano8otto
43%
Italiano35trentacinque
43%
Francés38trente-huit
43%
Italiano38trentotto
43%
Francés50cinquante
40%
Italiano18diciotto
40%
Portugués2dois
40%
Alemán33dreiunddreißig
40%
Alemán27siebenundzwanzig
40%
Francés60soixante
40%
Francés70soixante-dix
40%
Italiano30trenta
40%
Francés21vingt et un
40%
Portugués6seis
38%
Portugués60sessenta
38%
Portugués70setenta
38%
Italiano37trentasette
38%
Francés35trente-cinq
38%
Alemán0null
36%
Alemán48achtundvierzig
33%
Italiano17diciassette
33%
Portugués12doze
33%
Alemán13dreizehn
33%
Alemán1,000,000eine Million
33%
Italiano4quattro
33%
Francés15quinze
33%
Francés13treize
33%
Italiano36trentasei
33%
Portugués36trinta e seis
33%
Francés3trois
33%
Italiano11undici
33%
Italiano23ventitré
33%
Francés22vingt-deux
33%
Francés27vingt-sept
33%
Portugués26vinte e seis
33%
Portugués14catorze
29%
Italiano45quarantacinque
29%
Francés45quarante-cinq
29%
Italiano48quarantotto
29%
Italiano14quattordici
29%
Alemán6sechs
29%
Portugués7sete
29%
Francés33trente-trois
29%
Italiano20venti
29%
Italiano22ventidue
29%
Alemán24vierundzwanzig
29%
Portugués21vinte e um
27%
Portugués50cinquenta
25%
Portugués10,000dez mil
25%
Francés1,000,000million
25%
Portugués90noventa
25%
Francés49quarante-neuf
25%
Francés46quarante-six
25%
Francés14quatorze
25%
Alemán46sechsundvierzig
25%
Francés32trente-deux
25%
Francés39trente-neuf
25%
Portugués32trinta e dois
25%
Italiano27ventisette
25%
Portugués20vinte
25%
Portugués24vinte e quatro
25%
Alemán10zehn
25%
Alemán22zweiundzwanzig
25%
Italiano24ventiquattro
23%
Italiano42quarantadue
22%
Italiano49quarantanove
22%
Portugués4quatro
22%
Alemán70siebzig
22%
Italiano34trentaquattro
22%
Italiano33trentatré
22%
Portugués1um
22%
Alemán41einundvierzig
20%
Portugués41quarenta e um
20%
Francés31trente et un
20%
Francés34trente-quatre
20%
Italiano31trentuno
20%
Portugués1,000,000um milhão
20%
Alemán20zwanzig
20%
Alemán38achtunddreißig
18%
Portugués16dezasseis
17%
Alemán100,000hunderttausend
17%
Francés43quarante-trois
17%
Italiano41quarantuno
17%
Portugués46quarenta e seis
17%
Alemán26sechsundzwanzig
17%
Alemán7sieben
17%
Alemán17siebzehn
17%
Francés37trente-sept
17%
Italiano28ventotto
17%
Alemán44vierundvierzig
17%
Alemán40vierzig
17%
Alemán8acht
14%
Alemán18achtzehn
14%
Italiano50cinquanta
14%
Portugués18dezoito
14%
Portugués80oitenta
14%
Italiano46quarantasei
14%
Portugués40quarenta
14%
Italiano16sedici
14%
Portugués33trinta e três
14%
Italiano26ventisei
14%
Alemán4vier
14%
Alemán32zweiunddreißig
14%
Alemán11elf
13%
Alemán90neunzig
13%
Portugués8oito
13%
Portugués48quarenta e oito
13%
Francés80quatre-vingts
13%
Alemán60sechzig
13%
Alemán1,000tausend
13%
Italiano39trentanove
13%
Alemán42zweiundvierzig
13%
Portugués100cem
11%
Alemán25fünfundzwanzig
11%
Portugués34trinta e quatro
11%
Italiano19diciannove
10%
Italiano47quarantasette
10%
Italiano70settanta
10%
Alemán30dreißig
9%
Alemán21einundzwanzig
9%
Alemán28achtundzwanzig
0%
Alemán80achtzig
0%
Portugués100,000cem mil
0%
Francés100,000cent-mille
0%
Italiano100,000centomila
0%
Portugués19dezanove
0%
Portugués17dezassete
0%
Italiano10,000diecimila
0%
Italiano12dodici
0%
Alemán3drei
0%
Alemán43dreiundvierzig
0%
Alemán23dreiundzwanzig
0%
Alemán1eins
0%
Alemán31einunddreißig
0%
Alemán35fünfunddreißig
0%
Alemán45fünfundvierzig
0%
Alemán15fünfzehn
0%
Alemán9neun
0%
Alemán39neununddreißig
0%
Alemán49neunundvierzig
0%
Alemán29neunundzwanzig
0%
Alemán19neunzehn
0%
Italiano80ottanta
0%
Italiano44quarantaquattro
0%
Italiano43quarantatré
0%
Portugués45quarenta e cinco
0%
Portugués49quarenta e nove
0%
Portugués44quarenta e quatro
0%
Portugués47quarenta e sete
0%
Portugués43quarenta e três
0%
Italiano15quindici
0%
Portugués15quinze
0%
Alemán36sechsunddreißig
0%
Alemán16sechzehn
0%
Italiano60sessanta
0%
Alemán37siebenunddreißig
0%
Alemán47siebenundvierzig
0%
Inglés31thirty one
0%
Italiano13tredici
0%
Portugués30trinta
0%
Portugués35trinta e cinco
0%
Portugués39trinta e nove
0%
Portugués38trinta e oito
0%
Portugués37trinta e sete
0%
Portugués31trinta e um
0%
Italiano1,000,000un milione
0%
Italiano21ventuno
0%
Alemán34vierunddreißig
0%
Alemán14vierzehn
0%
Portugués25vinte e cinco
0%
Portugués22vinte e dois
0%
Portugués29vinte e nove
0%
Portugués28vinte e oito
0%
Portugués27vinte e sete
0%
Portugués23vinte e três
0%
Alemán10,000zehntausend
0%
Alemán12zwölf
0%

Distribución de puntuación

Porcentaje por número respondido

Porcentaje de gente con cada puntuación

Historial de tus puntuaciones

No has intentado esta prueba.